Organic Spectroscopy (Record no. 23564)
[ view plain ]
| 000 -LEADER | |
|---|---|
| fixed length control field | 00270nam a22000977a 4500 |
| 008 - FIXED-LENGTH DATA ELEMENTS--GENERAL INFORMATION | |
| fixed length control field | 131218b xxu||||| |||| 00| 0 eng d |
| 020 ## - INTERNATIONAL STANDARD BOOK NUMBER | |
| International Standard Book Number | 140390684X |
| Terms of availability | Available |
| 050 ## - LIBRARY OF CONGRESS CALL NUMBER | |
| Classification number | 547.30 KEM |
| Item number | 000728 |
| 245 ## - TITLE STATEMENT | |
| Title | Organic Spectroscopy |
| Statement of responsibility, etc. | Kemp Willaim |
| 260 ## - PUBLICATION, DISTRIBUTION, ETC. | |
| Place of publication, distribution, etc. | New York |
| Name of publisher, distributor, etc. | Palgrave |
| Date of publication, distribution, etc. | 1975 |
| Withdrawn status | Lost status | Source of classification or shelving scheme | Damaged status | Not for loan | Permanent Location | Current Location | Shelving location | Date acquired | Full call number | Barcode | Date last seen | Price effective from | Koha item type | Total Checkouts | Date last checked out |
|---|---|---|---|---|---|---|---|---|---|---|---|---|---|---|---|
| Central Library (CL) | Central Library (CL) | General Stacks | 12/18/2013 | 547.30858 KEM | RCMS000729 | 06/05/2023 | 12/18/2013 | Book | 2 | 10/08/2022 | |||||
| School of Interdisciplinary Engineering and Sciences (SINES) | School of Interdisciplinary Engineering and Sciences (SINES) | General Stacks | 12/18/2013 | 547.30858 KEM | RCMS000728 | 12/18/2013 | 12/18/2013 | Book |
